Národohospodárska politika v etape transformácie ekonomiky

Národohospodárska politika (NHP) - súčasný teoretický i praktický problém. Päť typov NHP vo vyspelých trhových ekonomikách. Dopytovo orientovaná NHP (všeobecné znaky, základné predpoklady, východiskové body). Ponukovo orientovaná NHP (všeobecné znaky, základné predpoklady, východiskové body). Zmieša...

Descrizione completa

Salvato in:
Dettagli Bibliografici
Autore principale: Mokrý, Vladimír
Natura: Capitolo di libro
Lingua:slovacco
Soggetti:
Tags: Aggiungi Tag
Nessun Tag, puoi essere il primo ad aggiungerne!!

MARC

LEADER 00000naa a2200000 4500
001 r018655
005 20221213095404.2
041 0 |a slo 
044 |a SK 
245 1 0 |a Národohospodárska politika v etape transformácie ekonomiky  |c Vladimír Mokrý 
520 |a Národohospodárska politika (NHP) - súčasný teoretický i praktický problém. Päť typov NHP vo vyspelých trhových ekonomikách. Dopytovo orientovaná NHP (všeobecné znaky, základné predpoklady, východiskové body). Ponukovo orientovaná NHP (všeobecné znaky, základné predpoklady, východiskové body). Zmiešaná NHP. Oneskorenia pri realizácii NHP. 
610 2 0 |a politika hospodárska 
610 2 0 |a hospodárstvo národné 
610 2 0 |a transformácia 
610 2 0 |a ponuka 
610 2 0 |a dopyt 
610 2 0 |a hospodárstvo trhové 
100 1 |a Mokrý, Vladimír